The importance of the local church. (Record no. 9009)

000 -LEADER
fixed length control field 00502nam a2200181 a 4500
001 - CONTROL NUMBER
control field :::00006790$&:&@@
003 - CONTROL NUMBER IDENTIFIER
control field OkBaRHE
005 - DATE AND TIME OF LATEST TRANSACTION
control field 20000607103333.0
008 - FIXED-LENGTH DATA ELEMENTS--GENERAL INFORMATION
fixed length control field j 000 0 eng u
040 ## - CATALOGING SOURCE
Transcribing agency
100 1# - MAIN ENTRY--PERSONAL NAME
Personal name Hancock, Raymond L.
245 14 - TITLE STATEMENT
Title The importance of the local church.
260 ## - PUBLICATION, DISTRIBUTION, ETC. (IMPRINT)
Place of publication, distribution, etc No Imprint.
300 ## - PHYSICAL DESCRIPTION
Extent 25 p. ;
Dimensions 21 cm.
650 ## - SUBJECT ADDED ENTRY--TOPICAL TERM
Topical term or geographic name as entry element Church
942 ## - ADDED ENTRY ELEMENTS (KOHA)
Source of classification or shelving scheme
Koha item type Books
Copies
Withdrawn status Not for loan Date last seen Price effective from Copy number Lost status Permanent Location Full call number Source of classification or shelving scheme Date acquired Shelving location Koha item type Damaged status Barcode
  2010-04-142010-04-141 RHEMA Bible Training CollegeBV 600 .H282 2010-04-14General StacksBooks 6790